লোডিং...

Proceedings of the UGC sponsored National seminar on discrete analysis 22-24 March 1999.

গ্রন্থ-পঞ্জীর বিবরন
প্রধান লেখক: Velukutty, K.K. ed
অন্যান্য লেখক: Velukutty, K.K
বিন্যাস: Printed Book
ভাষা:English
প্রকাশিত: Department of Mathematics: Sri Rama Krishna Mission Vidyalaya college of arts and science, Coimbatore; 1999.
বিষয়গুলি:
LEADER 00686nam a22001697a 4500
003 OSt
008 110311t xxu||||| |||| 00| 0 eng d
080 |a 519.1  |b VEL 
100 |a Velukutty, K.K. ed.  |9 8855 
245 |a Proceedings of the UGC sponsored National seminar on discrete analysis 22-24 March 1999.  |c Ed. by K.K Velukutty. 
260 |a Department of Mathematics:  |b Sri Rama Krishna Mission Vidyalaya college of arts and science, Coimbatore;  |c 1999. 
300 |a 159p. 
653 |a Discrete analysis 
700 |a Velukutty, K.K.  |9 180 
942 |c BK  |6 _ 
999 |c 221449  |d 221449 
952 |0 0  |1 0  |4 0  |6 51911_VEL  |7 0  |9 286427  |a MAT  |b MAT  |d 2011-03-11  |o 519.11 VEL  |p MAT05229  |r 2011-03-11  |t 1  |w 2011-03-11  |y BK